Top 15 most streamed XXXTENTACION songs - Statistics

General Stats
  • This quiz has been taken 537 times
    129 since last reset
  • The average score is 8 of 15
Answer Stats
Rank Streams Songs % Correct
1. 2,408,608,531 SAD!
99%
3. 2,160,478,485 Moonlight
81%
2. 2,393,817,626 Jocelyn Flores
74%
7. 1,755,201,430 Hope
73%
4. 1,975,729,358 Fuck Love
69%
8. 1,623,773,165 Look At Me!
69%
6. 1,766,999,500 Revenge
64%
12. 654,865,432 BAD!
63%
5. 1,825,850,359 Everybody Dies In Their Nightmares
45%
9. 1,465,951,458 changes
43%
15. 579,963,483 NUMB
39%
10. 1,047,649,065 the remedy for a broken heart
23%
11. 707,240,476 I Don't Wanna Do This Anymore
18%
14. 609,876,129 Carry On
15%
13. 627,955,138 Arms Around You
8%
No matching quizzes found
Score Distribution
Percent of People with Each Score
Percentile by Number Answered
Your Score History
You have not taken this quiz since the last reset